000 00294nam a22001337a 4500
008 190129b xxu||||| |||| 00| 0 eng d
020 _a0132814862
041 _aeng
080 _a371
100 _a46
101 _aEDU
245 _aEnglish skills for Algebra
_cCrandall,J
942 _2udc
_cBK
999 _c53832
_d53832